[Event "Aut_2. Bundesliga Ost 2005/06"]
[Site "Bruck/Leitha"]
[Date "2006.01.14"]
[Round "5.3"]
[White "Ponjican, Erich"]
[Black "Hangweyrer, Roman"]
[Result "1-0"]
[WhiteElo "2128"]
[BlackElo "2193"]
[PlyCount "111"]
[EventDate "2005.10.08"]

1. e4 c5 2. Nf3 Nc6 3. d4 cxd4 4. Nxd4 g6 5. Nc3 Bg7 6. Be3 Nf6 7. Nxc6 bxc6 8.
e5 Ng8 9. f4 f6 10. Bc4 Qa5 11. O-O fxe5 12. fxe5 Qxe5 13. Bf7+ Kd8 14. Qd2 Nf6
15. Bf4 Qc5+ 16. Kh1 Ba6 17. Rf3 Rf8 18. Be6 Ke8 19. Ne4 Qb6 20. Nxf6+ Rxf6 21.
Qxd7+ Kf8 22. Rd1 Be2 23. Bc7 Qxc7 24. Qxc7 Bxd1 25. Rxf6+ Bxf6 26. c3 Bc2 27.
Bc8 Bf5 28. Bb7 Re8 29. Bxc6 Rc8 30. Qb7 Rd8 31. Bf3 Rd2 32. Qb8+ Kg7 33. h3 h5
34. a4 h4 35. a5 a6 36. Kg1 Bd7 37. Qb3 Bb5 38. Qb4 Rc2 39. Qb3 Rc1+ 40. Kf2
Rf1+ 41. Ke3 Bg5+ 42. Kd4 Re1 43. c4 Bd7 44. Kc5 Re5+ 45. Kb6 Bd2 46. c5 Bb5
47. Qc2 Be3 48. b4 Kf7 49. Kb7 Bf1 50. Qc3 Bf4 51. Qd4 Bg3 52. Bd5+ e6 53. Be4
g5 54. Qd7+ Kf8 55. Bg6 Bxg2+ 56. Kxa6 1-0

[Event "Aut_2. Bundesliga Ost 2005/06"]
[Site "Bruck/Leitha"]
[Date "2006.01.14"]
[Round "5.4"]
[White "Herndlbauer, Martin"]
[Black "Niederwieser, Peter"]
[Result "1/2-1/2"]
[WhiteElo "2125"]
[BlackElo "2172"]
[PlyCount "112"]
[EventDate "2005.10.08"]

1. e4 c5 2. c3 d5 3. exd5 Qxd5 4. d4 Nf6 5. Nf3 Nc6 6. Be3 cxd4 7. cxd4 e6 8.
Nc3 Qd6 9. a3 Be7 10. Bd3 b6 11. O-O Bb7 12. Qe2 O-O 13. Rad1 Rad8 14. Rfe1
Rfe8 15. Bg5 Qb8 16. Bb1 g6 17. Ba2 Ng4 18. g3 Nf6 19. Qe3 Nd5 20. Nxd5 exd5
21. Bxe7 Nxe7 22. Qg5 Qd6 23. Nh4 Bc8 24. Ng2 Bf5 25. Ne3 Kg7 26. Bb3 h6 27.
Qh4 Be6 28. Ba4 Rf8 29. Bc2 Qd7 30. Qf4 Qd6 31. Ng2 Rfe8 32. Ba4 Qxf4 33. Nxf4
Bd7 34. Bb3 Bg4 35. Rd3 g5 36. Nxd5 Nxd5 37. Rxe8 Rxe8 38. Bxd5 Bh3 39. Rd1 Re2
40. b3 Kf6 41. Bc4 Ra2 42. a4 Ke7 43. Re1+ Kf6 44. Rd1 Ke7 45. Bf1 Bf5 46. Re1+
Kd6 47. Bc4 f6 48. Kg2 Rd2 49. d5 Rd4 50. f3 Rd2+ 51. Kg1 Bh3 52. g4 Rg2+ 53.
Kh1 Rd2 54. Kg1 Rg2+ 55. Kh1 Rd2 56. Kg1 Rg2+ 1/2-1/2

[Event "Aut_2. Bundesliga Ost 2005/06"]
[Site "Bruck/Leitha"]
[Date "2006.01.14"]
[Round "5.5"]
[White "Timoscenko, Gennadij"]
[Black "Ganaus, Hannes"]
[Result "1-0"]
[WhiteElo "2518"]
[BlackElo "2320"]
[PlyCount "107"]
[EventDate "2005.10.08"]

1. d4 Nf6 2. c4 e6 3. Nc3 Bb4 4. Qc2 O-O 5. a3 Bxc3+ 6. Qxc3 Ne4 7. Qc2 f5 8.
g3 b6 9. Bg2 Bb7 10. Nf3 Nf6 11. O-O Be4 12. Qc3 Qe8 13. Rd1 d6 14. b4 b5 15.
Bg5 Nbd7 16. cxb5 Nd5 17. Qb3 Qh5 18. Bd2 f4 19. Bxf4 Rxf4 20. gxf4 Nxf4 21.
Kh1 Bd5 22. Qe3 Nxg2 23. Kxg2 Rf8 24. Rac1 Nf6 25. h3 Ne4 26. Kh2 Rf7 27. Rg1
h6 28. Rg4 Nf6 29. Rh4 Qf5 30. Rf4 Qh7 31. Ne5 g5 32. Nxf7 gxf4 33. Qxf4 Qxf7
34. f3 Ne8 35. Qxh6 Ng7 36. Qg5 Kh7 37. e4 Bb7 38. Rg1 Nh5 39. Rg4 Ng7 40. Rf4
Qe8 41. Rh4+ Kg8 42. Rh6 e5 43. Rg6 Qf7 44. dxe5 dxe5 45. Qf6 Qxf6 46. Rxf6 Bc8
47. a4 Ne8 48. Rc6 Kg7 49. Kg3 Kf7 50. h4 Bd7 51. Rc5 Ke6 52. h5 Kd6 53. h6 Nf6
54. Kh4 1-0

[Event "Aut_2. Bundesliga Ost 2005/06"]
[Site "Bruck/Leitha"]
[Date "2006.01.14"]
[Round "5.5"]
[White "Neumeier, Klaus"]
[Black "Schroll, Gerhard"]
[Result "1/2-1/2"]
[WhiteElo "2275"]
[BlackElo "2362"]
[PlyCount "39"]
[EventDate "2005.10.08"]

1. e4 d6 2. d4 Nf6 3. Nc3 g6 4. Bc4 Bg7 5. Qe2 Nc6 6. Nf3 Bg4 7. Be3 O-O 8.
O-O-O Nxe4 9. Nxe4 d5 10. Bd3 dxe4 11. Bxe4 Qd7 12. h3 Bf5 13. Bxf5 Qxf5 14. d5
Ne5 15. Nxe5 Qxe5 16. c3 Rfc8 17. Qf3 c6 18. Qf4 cxd5 19. Qxe5 Bxe5 20. Rxd5
1/2-1/2

[Event "Aut_2. Bundesliga Ost 2005/06"]
[Site "Bruck/Leitha"]
[Date "2006.01.14"]
[Round "5.5"]
[White "Posch, Werner"]
[Black "Weissenbeck, Manuel"]
[Result "0-1"]
[WhiteElo "2250"]
[BlackElo "2278"]
[PlyCount "82"]
[EventDate "2005.10.08"]

1. e4 c5 2. Nc3 Nc6 3. g3 g6 4. Bg2 Bg7 5. d3 d6 6. Be3 e6 7. Qd2 Nd4 8. Nd1 e5
9. c3 Ne6 10. Ne2 Qb6 11. b4 Ne7 12. Nb2 O-O 13. O-O Bd7 14. a4 f5 15. bxc5
Nxc5 16. Nc4 Qc7 17. exf5 Bxf5 18. Bxc5 dxc5 19. Rab1 Rab8 20. Ne3 Be6 21. c4
b6 22. Nc3 Qd7 23. Ned5 Nc6 24. Qd1 Kh8 25. Nb5 Bg4 26. f3 Be6 27. f4 Bg4 28.
Qc2 exf4 29. Rxf4 Rxf4 30. gxf4 Re8 31. Nbc3 Nd4 32. Qf2 Nf5 33. Kh1 Bxc3 34.
Nxc3 Qxd3 35. Re1 Rxe1+ 36. Qxe1 Qe3 37. Qa1 Nd4 38. Nd5 Qd2 39. Kg1 Be2 40. a5
Qxa5 41. Qb1 Qd2 0-1

[Event "Aut_2. Bundesliga Ost 2005/06"]
[Site "Bruck/Leitha"]
[Date "2006.01.14"]
[Round "5.5"]
[White "Wanderer, Thomas"]
[Black "Wiedner, Robert"]
[Result "1/2-1/2"]
[WhiteElo "2240"]
[BlackElo "2181"]
[PlyCount "55"]
[EventDate "2005.10.08"]

1. e4 c5 2. Nc3 Nc6 3. g3 d6 4. Bg2 g6 5. d3 Bg7 6. Be3 Nd4 7. Qd2 Rb8 8. Nd1
e5 9. c3 Ne6 10. Ne2 Ne7 11. Bh6 Bxh6 12. Qxh6 Ng8 13. Qd2 Qg5 14. Ne3 h5 15.
h4 Qd8 16. d4 Nf6 17. Rd1 O-O 18. O-O b6 19. f4 exf4 20. Nxf4 Nxf4 21. Rxf4 Qe7
22. Rdf1 Nh7 23. Nd5 Qe6 24. Qf2 Bb7 25. Kh2 Bxd5 26. exd5 Qe7 27. Re1 Qd8 28.
Qe3 1/2-1/2

[Event "Aut_2. Bundesliga Ost 2005/06"]
[Site "Bruck/Leitha"]
[Date "2006.01.14"]
[Round "5.5"]
[White "Todor, Razvan"]
[Black "Hechl, Gerald"]
[Result "1/2-1/2"]
[WhiteElo "2181"]
[BlackElo "2215"]
[PlyCount "40"]
[EventDate "2005.10.08"]

1. c4 b6 2. Nc3 Bb7 3. Nf3 e6 4. g3 Bxf3 5. exf3 c5 6. Bg2 Nc6 7. d3 Nge7 8. b3
Nf5 9. Bb2 Be7 10. f4 Bf6 11. Qd2 Nfd4 12. O-O Qe7 13. Rfe1 O-O-O 14. Rab1 h5
15. Ba1 Nb4 16. Nd5 Nxd5 17. cxd5 h4 18. b4 d6 19. a4 hxg3 20. hxg3 Qd7 1/2-1/2

[Event "Aut_2. Bundesliga Ost 2005/06"]
[Site "Bruck/Leitha"]
[Date "2006.01.14"]
[Round "5.5"]
[White "Pichler, Michael"]
[Black "Steiner, Adam"]
[Result "1/2-1/2"]
[WhiteElo "2185"]
[BlackElo "2126"]
[PlyCount "64"]
[EventDate "2005.10.08"]

1. e4 c5 2. Nc3 Nc6 3. g3 g6 4. Bg2 Bg7 5. d3 d6 6. f4 e6 7. Nf3 Nge7 8. O-O
O-O 9. Be3 b6 10. Bf2 Ba6 11. Qd2 Qc7 12. Rad1 d5 13. e5 d4 14. Ne4 Nd5 15. g4
f6 16. exf6 Nxf6 17. Nxf6+ Bxf6 18. Bg3 Qe7 19. Rfe1 Rae8 20. a3 Bb7 21. Re2
Qd7 22. Rde1 a6 23. Qd1 b5 24. Nd2 Nd8 25. Ne4 Be7 26. Rf1 e5 27. fxe5 Qxg4 28.
Ref2 Qxd1 29. Rxd1 Rxf2 30. Kxf2 Rf8+ 31. Kg1 Kg7 32. Rf1 Rxf1+ 1/2-1/2

[Event "Aut_2. Bundesliga Ost 2005/06"]
[Site "Bruck/Leitha"]
[Date "2006.01.14"]
[Round "5.6"]
[White "Pokorna, Regina"]
[Black "Brod, Manfred"]
[Result "1/2-1/2"]
[WhiteElo "2353"]
[BlackElo "2266"]
[PlyCount "50"]
[EventDate "2005.10.08"]

1. e4 e6 2. d4 d5 3. Nd2 c5 4. exd5 Qxd5 5. Ngf3 cxd4 6. Bc4 Qd6 7. O-O Nf6 8.
Nb3 Nc6 9. Nbxd4 Nxd4 10. Nxd4 a6 11. Bb3 Be7 12. c3 e5 13. Nc2 Qc7 14. Bg5 O-O
15. Ne3 Rd8 16. Qe2 h6 17. Bxf6 Bxf6 18. Nd5 Qc6 19. Qf3 Be6 20. Nxf6+ gxf6 21.
Qg3+ Kh8 22. Qh4 Kg7 23. Qg3+ Kh8 24. Qe3 Kg7 25. Qg3+ Kh8 1/2-1/2

[Event "Aut_2. Bundesliga Ost 2005/06"]
[Site "Bruck/Leitha"]
[Date "2006.01.14"]
[Round "5.6"]
[White "Riedner, Martin"]
[Black "Staudner, Oliver"]
[Result "0-1"]
[WhiteElo "2233"]
[BlackElo "2380"]
[PlyCount "134"]
[EventDate "2005.10.08"]

1. d4 Nf6 2. c4 e6 3. g3 d5 4. Bg2 Bb4+ 5. Bd2 Be7 6. Qc2 O-O 7. Nf3 c6 8. O-O
b6 9. Bf4 Ba6 10. Nbd2 Nh5 11. e4 Nxf4 12. gxf4 Nd7 13. Ne5 Nxe5 14. fxe5 dxc4
15. Qc3 b5 16. Qe3 Qb6 17. Rad1 Rad8 18. Nb1 b4 19. Rfe1 Rd7 20. Rd2 Rfd8 21.
Red1 Bb5 22. f4 h6 23. Kh1 a5 24. h3 Ba4 25. Rc1 Rxd4 26. Rxc4 c5 27. Rdxd4
cxd4 28. Qf2 Bb5 29. Rc1 Qb8 30. Nd2 d3 31. Nf3 Rc8 32. Qd2 Rxc1+ 33. Qxc1 Qb6
34. Qd2 Bc5 35. f5 Be3 36. Qe1 Qc5 37. Kh2 Bf4+ 38. Kh1 Qc2 39. Nd4 Qc5 40.
Nxb5 Qxb5 41. fxe6 fxe6 42. Qd1 Qxe5 43. Qxd3 Qxb2 44. Qc4 Kf7 45. Kg1 Be3+ 46.
Kh1 Qc1+ 47. Bf1 Qxc4 48. Bxc4 a4 49. Kg2 Kf6 50. Kf3 Bc1 51. Ke2 Ke5 52. Kd1
Be3 53. Ke2 Bc5 54. Kf3 h5 55. h4 Be7 56. Kg3 Bf6 57. Kh3 Bd8 58. Kg3 Bb6 59.
Kf3 Bc5 60. Kg3 Be3 61. Kf3 Bh6 62. Ke2 Kxe4 63. Bxe6 Kd4 64. Bf7 Kc3 65. Bxh5
b3 66. Bf7 bxa2 67. Bxa2 Kb2 0-1

[Event "Aut_2. Bundesliga Ost 2005/06"]
[Site "Bruck/Leitha"]
[Date "2006.01.14"]
[Round "5.6"]
[White "Vokroj, Rene"]
[Black "Wutzlhofer, Robert"]
[Result "1-0"]
[WhiteElo "2303"]
[BlackElo "2080"]
[PlyCount "127"]
[EventDate "2005.10.08"]

1. Nf3 c5 2. e4 d6 3. d4 cxd4 4. Qxd4 Bd7 5. c4 Nf6 6. Nc3 Nc6 7. Qd2 g6 8. b3
Bg7 9. Bb2 O-O 10. h3 Qa5 11. Bd3 Rfe8 12. O-O Rac8 13. a3 Qh5 14. Ne2 Bh6 15.
Qc3 b5 16. Ng3 Qc5 17. cxb5 Ne5 18. Qxc5 Nxf3+ 19. gxf3 Rxc5 20. b4 Rc7 21. Kg2
e5 22. Rfe1 Rec8 23. Ne2 Nh5 24. Rad1 Kf8 25. a4 Ke7 26. Bb1 Be6 27. Bd3 Bb3
28. Ra1 Bd2 29. Reb1 Be6 30. a5 Bc4 31. Bxc4 Rxc4 32. Bc1 Bxb4 33. Be3 Bc5 34.
Rc1 Bxe3 35. fxe3 Rxc1 36. Rxc1 Rxc1 37. Nxc1 Kd7 38. Ne2 Nf6 39. Nc3 Ne8 40.
Nd5 h5 41. Kg3 Ng7 42. Kh4 Ne6 43. f4 Nc5 44. a6 Kc8 45. Nc3 exf4 46. exf4 Kc7
47. f5 Nd3 48. fxg6 fxg6 49. Nd5+ Kb8 50. Kg5 Ne5 51. Kf6 Kc8 52. Ke6 g5 53.
Kxd6 Nc4+ 54. Kc5 Ne5 55. Ne7+ Kc7 56. Kd4 Nf3+ 57. Ke3 Ng1 58. Nd5+ Kc8 59. e5
g4 60. hxg4 hxg4 61. e6 Nf3 62. e7 Kd7 63. b6 Ne5 64. bxa7 1-0

[Event "Aut_2. Bundesliga Ost 2005/06"]
[Site "Bruck/Leitha"]
[Date "2006.01.14"]
[Round "5.6"]
[White "Savio, Alfred"]
[Black "Bukacek, Emil"]
[Result "0-1"]
[WhiteElo "2036"]
[BlackElo "2259"]
[PlyCount "80"]
[EventDate "2005.10.08"]

1. d4 f5 2. c4 d6 3. g3 Nf6 4. Bg2 g6 5. Nc3 Bg7 6. Qb3 c6 7. Nf3 Qc7 8. O-O
Na6 9. Bg5 e5 10. Bxf6 Bxf6 11. e3 Be6 12. Qa4 O-O 13. Rac1 Qf7 14. Ne2 g5 15.
b3 Qh5 16. dxe5 dxe5 17. Qa5 Rae8 18. Rcd1 Bc8 19. b4 f4 20. e4 g4 21. Nxf4 Qh6
22. Nxe5 Bxe5 23. Nd3 Bc7 24. Qa3 Bb8 25. Rfe1 Nc7 26. Qb2 Ne6 27. c5 Ng5 28.
Re3 Nf3+ 29. Bxf3 Rxf3 30. Rxf3 gxf3 31. e5 Qe6 32. Re1 Qc4 33. Qd2 Qg4 34. Re3
Bf5 35. Ne1 Be4 36. Qd4 Bf5 37. Qd2 Be6 38. Rxf3 Bxe5 39. h3 Qxh3 40. Qg5+ Bg7
0-1

[Event "Aut_2. Bundesliga Ost 2005/06"]
[Site "Bruck/Leitha"]
[Date "2006.01.15"]
[Round "6.1"]
[White "Petran, Peter"]
[Black "Alvir, Aco"]
[Result "1/2-1/2"]
[WhiteElo "2342"]
[BlackElo "2393"]
[PlyCount "90"]
[EventDate "2005.10.08"]

1. Nf3 g6 2. c4 Bg7 3. d4 Nf6 4. Nc3 O-O 5. g3 d6 6. Bg2 c6 7. O-O Qa5 8. d5
cxd5 9. cxd5 Bd7 10. Nd4 Rc8 11. Nb3 Qd8 12. h3 a5 13. a4 Na6 14. e4 Be8 15.
Be3 Nd7 16. Rc1 Ndc5 17. Nd4 Nb4 18. Ncb5 Ncd3 19. Rxc8 Rxc8 20. b3 Bxb5 21.
Nxb5 Bb2 22. Qb1 Bg7 23. Rd1 Nc5 24. h4 h5 25. Bh3 Rb8 26. f4 b6 27. Bg2 Qd7
28. Kh2 f5 29. Bh3 Rf8 30. Nd4 Bxd4 31. Bxd4 Qc8 32. exf5 gxf5 33. Re1 Rf7 34.
Qd1 Rh7 35. Ba1 Ncd3 36. Rf1 Qf8 37. Qe2 Qf7 38. Qe6 Nc5 39. Qc8+ Qf8 40. Qxf5
Qxf5 41. Bxf5 Rh6 42. Bd4 Nxd5 43. Bf2 Kf7 44. Rb1 e6 45. Bh3 Rh8 1/2-1/2

[Event "Aut_2. Bundesliga Ost 2005/06"]
[Site "Bruck/Leitha"]
[Date "2006.01.15"]
[Round "6.1"]
[White "Lipka, Juraj"]
[Black "Brod, Manfred"]
[Result "1/2-1/2"]
[WhiteElo "2395"]
[BlackElo "2266"]
[PlyCount "90"]
[EventDate "2005.10.08"]

1. Nf3 c5 2. c4 Nc6 3. Nc3 e5 4. e3 Nf6 5. a3 d6 6. Be2 h6 7. d4 cxd4 8. exd4
e4 9. Nd2 Bf5 10. Nf1 Be7 11. Ne3 Bh7 12. O-O O-O 13. b4 a6 14. Bb2 Nd7 15.
Ned5 g5 16. f3 f5 17. fxe4 fxe4 18. Bg4 Bf6 19. Be6+ Kh8 20. Ne2 Nb6 21. Nxf6
Rxf6 22. Rxf6 Qxf6 23. Qd2 Rf8 24. Ng3 d5 25. Bxd5 Nxd5 26. cxd5 Ne7 27. Rf1
Qg7 28. Rxf8+ Qxf8 29. Qe2 Nxd5 30. Nxe4 Qe7 31. Nc3 Qxe2 32. Nxe2 Kg7 33. Nc3
Nxc3 34. Bxc3 Kf7 35. d5 h5 36. Kf2 Be4 37. d6 Ke6 38. Bd2 Kxd6 39. Bxg5 Ke5
40. g3 Kf5 41. Bd8 Kg4 42. Ke3 Bc6 43. Kd4 Bg2 44. a4 Bc6 45. a5 Bg2 1/2-1/2

[Event "Aut_2. Bundesliga Ost 2005/06"]
[Site "Bruck/Leitha"]
[Date "2006.01.15"]
[Round "6.1"]
[White "Riedner, Martin"]
[Black "Smolen, Jan"]
[Result "1/2-1/2"]
[WhiteElo "2233"]
[BlackElo "2324"]
[PlyCount "62"]
[EventDate "2005.10.08"]

1. d4 e6 2. e4 d5 3. exd5 exd5 4. c4 Nf6 5. Nc3 Bb4 6. Bd3 O-O 7. Nge2 dxc4 8.
Bxc4 Nbd7 9. O-O Nb6 10. Bb3 Bg4 11. f3 Bf5 12. Ng3 Qd7 13. Bg5 Be7 14. Re1
Rfe8 15. Re5 Bg6 16. f4 h6 17. Bh4 Rad8 18. Qf3 Qxd4+ 19. Kh1 Nbd7 20. Ree1 Nc5
21. Rad1 Nd3 22. Rf1 Ne4 23. Nge2 Qc5 24. f5 Bxh4 25. Nxe4 Rxe4 26. fxg6 Re3
27. Qxf7+ Kh8 28. Nd4 Ne5 29. Qxg7+ Kxg7 30. Ne6+ Kxg6 31. Nxc5 Rxd1 1/2-1/2

[Event "Aut_2. Bundesliga Ost 2005/06"]
[Site "Bruck/Leitha"]
[Date "2006.01.15"]
[Round "6.1"]
[White "Kuthan, Andreas"]
[Black "Salamon, Werner"]
[Result "1/2-1/2"]
[WhiteElo "2220"]
[BlackElo "2170"]
[PlyCount "37"]
[EventDate "2005.10.08"]

1. e4 e5 2. Nf3 Nc6 3. Bb5 d6 4. d4 Bd7 5. Nc3 Nf6 6. O-O Be7 7. Re1 exd4 8.
Nxd4 O-O 9. Bxc6 bxc6 10. b3 Re8 11. Bb2 c5 12. Nde2 Bc6 13. Ng3 Nd7 14. Nd5
Bxd5 15. Qxd5 Bf6 16. Bxf6 Nxf6 17. Qd3 Ng4 18. h3 Ne5 19. Qc3 1/2-1/2

[Event "Aut_2. Bundesliga Ost 2005/06"]
[Site "Bruck/Leitha"]
[Date "2006.01.15"]
[Round "6.1"]
[White "Wutzlhofer, Robert"]
[Black "Froschauer, Hans"]
[Result "0-1"]
[WhiteElo "2080"]
[BlackElo "2140"]
[PlyCount "64"]
[EventDate "2005.10.08"]

1. d4 Nf6 2. c4 d6 3. Nc3 g6 4. e4 Bg7 5. f4 O-O 6. Nf3 c6 7. Be2 a6 8. a4 Nbd7
9. e5 Ne8 10. O-O c5 11. exd6 Nxd6 12. d5 Nf6 13. Ne5 Qc7 14. Bd3 Bf5 15. Re1
h5 16. Ra3 Rab8 17. Qe2 Rfe8 18. Be3 e6 19. Bxf5 Nxf5 20. dxe6 Rxe6 21. Qf3
Rbe8 22. Nd5 Nxd5 23. cxd5 R6e7 24. Rc3 b6 25. a5 Bxe5 26. axb6 Qxb6 27. fxe5
Rxe5 28. Qf2 Qd6 29. Bd2 Rxe1+ 30. Bxe1 Qxd5 31. Kf1 Qd4 32. Rxc5 Ne3+ 0-1

[Event "Aut_2. Bundesliga Ost 2005/06"]
[Site "Bruck/Leitha"]
[Date "2006.01.15"]
[Round "6.2"]
[White "Ganaus, Hannes"]
[Black "Wippermann, Till"]
[Result "1-0"]
[WhiteElo "2320"]
[BlackElo "2446"]
[PlyCount "105"]
[EventDate "2005.10.08"]

1. e4 c5 2. c3 g6 3. d4 Qa5 4. dxc5 Qxc5 5. Be3 Qa5 6. Na3 Bg7 7. Nc4 Qc7 8.
Bd4 f6 9. Qa4 Qc6 10. Qc2 Nh6 11. Nf3 O-O 12. Ne3 e6 13. h4 d6 14. O-O-O Nd7
15. Nd2 Kh8 16. c4 e5 17. Bc3 Nc5 18. h5 g5 19. b4 Ne6 20. Nb3 Rd8 21. f3 Nc7
22. b5 Qe8 23. Ba5 b6 24. Bb4 Be6 25. Kb1 Bf8 26. Nd5 Rac8 27. a4 f5 28. Qd2 f4
29. g4 fxg3 30. Qxg5 Nxd5 31. cxd5 Bd7 32. Qxg3 a6 33. Qf2 axb5 34. a5 Rc4 35.
Bxc4 bxc4 36. Nc1 bxa5 37. Bc3 Rb8+ 38. Ka1 Ba4 39. Rd2 Bb3 40. Na2 Nf7 41. Rg1
Bxa2 42. Rxa2 Rb3 43. Qg3 Nh6 44. Qg5 Qf7 45. Rc2 Ng8 46. f4 Bh6 47. Qd8 Bxf4
48. Qxd6 Qe8 49. Qc6 Qxh5 50. Qc8 Bg3 51. Qxc4 Rb8 52. Rcg2 Bf4 53. Qc7 1-0

[Event "Aut_2. Bundesliga Ost 2005/06"]
[Site "Bruck/Leitha"]
[Date "2006.01.15"]
[Round "6.2"]
[White "Weissenbeck, Manuel"]
[Black "Pokorna, Regina"]
[Result "1/2-1/2"]
[WhiteElo "2278"]
[BlackElo "2353"]
[PlyCount "33"]
[EventDate "2005.10.08"]

1. d4 Nf6 2. Nf3 e6 3. c4 d5 4. Nc3 Be7 5. Bg5 h6 6. Bh4 O-O 7. e3 b6 8. cxd5
Nxd5 9. Bxe7 Qxe7 10. Rc1 Bb7 11. Bd3 Rd8 12. O-O c5 13. Qe2 Nd7 14. Ba6 Nxc3
15. Rxc3 Bxa6 16. Qxa6 cxd4 17. Nxd4 1/2-1/2

[Event "Aut_2. Bundesliga Ost 2005/06"]
[Site "Bruck/Leitha"]
[Date "2006.01.15"]
[Round "6.2"]
[White "Staudner, Oliver"]
[Black "Wanderer, Thomas"]
[Result "1/2-1/2"]
[WhiteElo "2380"]
[BlackElo "2240"]
[PlyCount "40"]
[EventDate "2005.10.08"]

1. e4 c5 2. Nf3 g6 3. Nc3 Bg7 4. d4 cxd4 5. Nxd4 Nc6 6. Nb3 Nf6 7. Be2 O-O 8.
O-O d6 9. Re1 a6 10. Bg5 b5 11. Bf1 Bb7 12. Qd2 Ne5 13. Nd5 e6 14. Nxf6+ Bxf6
15. Bxf6 Qxf6 16. Na5 Rab8 17. f4 Nc4 18. Bxc4 bxc4 19. Nxb7 Rxb7 20. b3 Rb6
1/2-1/2

[Event "Aut_2. Bundesliga Ost 2005/06"]
[Site "Bruck/Leitha"]
[Date "2006.01.15"]
[Round "6.2"]
[White "Hechl, Gerald"]
[Black "Vokroj, Rene"]
[Result "0-1"]
[WhiteElo "2215"]
[BlackElo "2303"]
[PlyCount "94"]
[EventDate "2005.10.08"]

1. e4 c5 2. a3 g6 3. b4 Bg7 4. Nc3 b6 5. Nf3 d6 6. Bc4 e6 7. d4 Nc6 8. Be3 Nge7
9. b5 cxd4 10. Nxd4 Ne5 11. Ba2 Qc7 12. Nce2 O-O 13. O-O Ng4 14. Bg5 d5 15. Ng3
f6 16. Qxg4 fxg5 17. exd5 Qf4 18. Qxf4 gxf4 19. d6 Bxd4 20. dxe7 Re8 21. Rad1
Bc5 22. Rd8 Kf7 23. Ne2 g5 24. h4 h6 25. Re1 Rxe7 26. hxg5 hxg5 27. a4 Bb7 28.
Rxa8 Bxa8 29. Nc1 Bb4 30. Rd1 Rc7 31. Rd8 Be4 32. Rd4 Rxc2 33. Rxe4 Rxc1+ 34.
Kh2 Bc5 35. Rxe6 Kg7 36. Re2 Rf1 37. f3 Kg6 38. Bc4 Bg1+ 39. Kh3 Be3 40. Bd3+
Kf6 41. Kh2 Ra1 42. Bc2 Bg1+ 43. Kh3 Bf2 44. g3 fxg3 45. Kg2 Rg1+ 46. Kh3 Rh1+
47. Kg2 Rh2+ 0-1

[Event "Aut_2. Bundesliga Ost 2005/06"]
[Site "Bruck/Leitha"]
[Date "2006.01.15"]
[Round "6.2"]
[White "Bukacek, Emil"]
[Black "Pichler, Michael"]
[Result "0-1"]
[WhiteElo "2259"]
[BlackElo "2185"]
[PlyCount "58"]
[EventDate "2005.10.08"]

1. e4 e6 2. d4 d5 3. Nd2 dxe4 4. Nxe4 Bd7 5. Nf3 Bc6 6. Bd3 Nd7 7. O-O Ngf6 8.
Ng3 Be7 9. b3 O-O 10. Bb2 Bxf3 11. Qxf3 c6 12. c4 Re8 13. Rfe1 Nf8 14. h4 Qc7
15. Rac1 Ng6 16. h5 Nh4 17. Qe3 Bd6 18. Qg5 Bxg3 19. fxg3 Nf5 20. Bxf5 h6 21.
Qh4 exf5 22. Rf1 Re2 23. Ba1 Qe7 24. Rc3 Re4 25. g4 fxg4 26. Rcc1 Re8 27. Rcd1
Re2 28. d5 Qe4 29. Qh2 Nxh5 0-1

[Event "Aut_2. Bundesliga Ost 2005/06"]
[Site "Bruck/Leitha"]
[Date "2006.01.15"]
[Round "6.3"]
[White "Schroll, Gerhard"]
[Black "Miniboeck, Guenter"]
[Result "1-0"]
[WhiteElo "2362"]
[BlackElo "2351"]
[PlyCount "73"]
[EventDate "2005.10.08"]

1. d4 Nf6 2. Nf3 e6 3. Bg5 h6 4. Bxf6 Qxf6 5. e4 d6 6. Bd3 Nc6 7. c3 g5 8. Na3
Bg7 9. Nc4 e5 10. dxe5 Nxe5 11. Nfxe5 dxe5 12. Ne3 c6 13. O-O O-O 14. a4 Rd8
15. Qe2 Bf8 16. Rad1 Qg6 17. Bc4 Bd7 18. Rd2 Be7 19. Rfd1 Be6 20. Bxe6 Qxe6 21.
Qg4 Qf6 22. Rxd8+ Rxd8 23. Rxd8+ Bxd8 24. Qd7 Bb6 25. Nf5 g4 26. g3 h5 27. Qxb7
Qg5 28. Qxc6 Bxf2+ 29. Kg2 Bxg3 30. Qe8+ Kh7 31. Qxf7+ Kh8 32. Qe8+ Kh7 33.
Qd7+ Kg8 34. hxg3 Kf8 35. Qc8+ Kf7 36. Qb7+ Ke8 37. Nd6+ 1-0

[Event "Aut_2. Bundesliga Ost 2005/06"]
[Site "Bruck/Leitha"]
[Date "2006.01.15"]
[Round "6.3"]
[White "Schneider-Zinner, Harald"]
[Black "Posch, Werner"]
[Result "1/2-1/2"]
[WhiteElo "2365"]
[BlackElo "2250"]
[PlyCount "34"]
[EventDate "2005.10.08"]

1. Nf3 Nf6 2. d4 e6 3. c4 Nc6 4. Nc3 Bb4 5. e3 O-O 6. Bd3 d6 7. O-O Bxc3 8.
bxc3 e5 9. Qc2 Re8 10. Nd2 exd4 11. cxd4 Nb4 12. Qc3 Nxd3 13. Qxd3 d5 14. f3
dxc4 15. Nxc4 c5 16. Rd1 Be6 17. Bb2 Rc8 1/2-1/2

[Event "Aut_2. Bundesliga Ost 2005/06"]
[Site "Bruck/Leitha"]
[Date "2006.01.15"]
[Round "6.3"]
[White "Wiedner, Robert"]
[Black "Brandner, Stefan"]
[Result "0-1"]
[WhiteElo "2181"]
[BlackElo "2335"]
[PlyCount "53"]
[EventDate "2005.10.08"]

1. Nf3 Nc6 2. d4 d5 3. e3 Bg4 4. c4 e6 5. Nc3 Nf6 6. h3 Bh5 7. cxd5 exd5 8. Bb5
Bd6 9. Qa4 O-O 10. Bxc6 bxc6 11. Qxc6 Rb8 12. Ne5 Re8 13. g4 Bg6 14. Nxg6 hxg6
15. Kf1 Rb6 16. Qa4 c5 17. Qxa7 cxd4 18. exd4 Ne4 19. Nxe4 Rxe4 20. Kg2 Re2 21.
b3 Bb8 22. Qa8 Qh4 23. Be3 Qg3+ 24. Kf1 Qf3 25. Rc1 Rxe3 26. Rc8+ Kh7 27. Rh2
0-1

[Event "Aut_2. Bundesliga Ost 2005/06"]
[Site "Bruck/Leitha"]
[Date "2006.01.15"]
[Round "6.3"]
[White "Sulyok, Michael"]
[Black "Todor, Razvan"]
[Result "1/2-1/2"]
[WhiteElo "2205"]
[BlackElo "2181"]
[PlyCount "29"]
[EventDate "2005.10.08"]

1. c4 Nf6 2. Nc3 d5 3. cxd5 Nxd5 4. g3 e5 5. Bg2 Nb6 6. Nf3 Nc6 7. O-O Be7 8.
a3 a5 9. d3 O-O 10. b3 Be6 11. Bb2 f5 12. Rc1 Bf6 13. Nd2 Qd7 14. Nc4 Nd5 15.
Nxd5 1/2-1/2

[Event "Aut_2. Bundesliga Ost 2005/06"]
[Site "Bruck/Leitha"]
[Date "2006.01.15"]
[Round "6.3"]
[White "Steiner, Adam"]
[Black "Filip, Daniel"]
[Result "0-1"]
[WhiteElo "2126"]
[BlackElo "2061"]
[PlyCount "72"]
[EventDate "2005.10.08"]

1. c4 e6 2. g3 d5 3. Bg2 Nf6 4. Nf3 Be7 5. O-O O-O 6. b3 c5 7. cxd5 exd5 8. d4
Nc6 9. Bb2 Re8 10. Nc3 Bg4 11. Na4 cxd4 12. Nxd4 Rc8 13. Rc1 Qd7 14. Re1 Bb4
15. Nc3 h5 16. a3 Bf8 17. b4 h4 18. Nxc6 bxc6 19. Na4 hxg3 20. hxg3 Bh3 21. Bd4
Ne4 22. Nc5 Bxc5 23. Bxc5 Ng5 24. Qd2 f6 25. Bh1 Kf7 26. Be3 Ne4 27. Qd4 a6 28.
Red1 Qg4 29. Bf3 Qg6 30. Bf4 Re7 31. Qb6 Bg4 32. Qxa6 Rh8 33. Bg2 Qh5 34. Qxc6
Be6 35. Bxe4 dxe4 36. Qxe4 Qh2+ 0-1

[Event "Aut_2. Bundesliga Ost 2005/06"]
[Site "Bruck/Leitha"]
[Date "2006.01.15"]
[Round "6.4"]
[White "Blatny, Pavel"]
[Black "Mahdi, Khaled"]
[Result "1/2-1/2"]
[WhiteElo "2519"]
[BlackElo "2359"]
[PlyCount "50"]
[EventDate "2005.10.08"]

1. d4 Nf6 2. Nf3 g6 3. Nc3 Bg7 4. e4 d6 5. Be2 O-O 6. O-O c5 7. dxc5 dxc5 8.
Be3 Qa5 9. h3 Nc6 10. Qc1 Rd8 11. Bc4 Nd4 12. Ne5 Be6 13. Bxe6 Nxe6 14. f4 Nd4
15. Rf2 b5 16. a3 Qc7 17. Ng4 Nxg4 18. hxg4 Qb7 19. e5 f6 20. exf6 exf6 21. f5
b4 22. Na4 Qb5 23. Nxc5 Qxc5 24. Bxd4 Rxd4 25. c3 Rxg4 1/2-1/2

[Event "Aut_2. Bundesliga Ost 2005/06"]
[Site "Bruck/Leitha"]
[Date "2006.01.15"]
[Round "6.4"]
[White "Wallner, Joachim"]
[Black "Vyskocil, Neklan"]
[Result "0-1"]
[WhiteElo "2310"]
[BlackElo "2318"]
[PlyCount "82"]
[EventDate "2005.10.08"]

1. e4 c5 2. Nf3 Nc6 3. d4 cxd4 4. Nxd4 g6 5. c4 Bg7 6. Be3 Nf6 7. Nc3 O-O 8.
Be2 d6 9. O-O Nxd4 10. Bxd4 Be6 11. Rc1 Qa5 12. b3 Rfc8 13. f4 Qd8 14. Bf3 Ne8
15. f5 Bd7 16. Bxg7 Nxg7 17. g4 Qb6+ 18. Kh1 Bc6 19. Qd2 Ne8 20. Bg2 Nf6 21. g5
Nd7 22. f6 Qa5 23. Qf4 Qe5 24. Qh4 h5 25. Nd5 exf6 26. gxf6 Bxd5 27. exd5 Re8
28. Rce1 Qc3 29. Re7 Rxe7 30. fxe7 Re8 31. Bh3 Ne5 32. Bg2 Qa5 33. Be4 Qc7 34.
Qf2 Qxe7 35. Qxa7 Nxc4 36. Bxg6 fxg6 37. bxc4 Qe4+ 38. Kg1 Qg4+ 39. Kh1 Qxc4
40. Qf2 Qxd5+ 41. Kg1 Qc5 0-1